[Event "Rewal op-B 15th"]
[Site "Rewal"]
[Date "2010.08.27"]
[Round "8"]
[White "Nun, Ryszard"]
[Black "Mirski, Roman1111"]
[Result "1/2-1/2"]
[WhiteElo "1684"]
[BlackElo "1592"]
[PlyCount "77"]
[EventDate "2010.08.18"]
[EventType "swiss"]
[EventRounds "9"]
[EventCountry "POL"]
[SourceTitle "EXT 2014"]
[Source "ChessBase"]
[SourceDate "2013.11.20"]
[SourceVersion "1"]
[SourceVersionDate "2013.11.20"]
[SourceQuality "1"]

1. d4 Nf6 2. c4 g6 3. Nc3 Bg7 4. e4 d6 5. Nf3 Bg4 6. Be2 Bxf3 7. Bxf3 Nc6 8. 0-0 0-0 9. Be3 Re8 10. e5 dxe5 11. Bxc6 bxc6 12. dxe5 Qxd1 13. Raxd1 Ng4 14. Bd4 Nxe5 15. b3 c5 16. Bxe5 Bxe5 17. Ne4 Bd4 18. Rd3 a5 19. Rfd1 f5 20. Ng5 e5 21. Kf1 h6 22. Nf3 e4 23. Rxd4 exf3 24. Rd5 fxg2+ 25. Kxg2 Re2 26. R1d2 Rxd2 27. Rxd2 a4 28. Rd5 axb3 29. axb3 Rb8 30. Rxc5 Rxb3 31. Rxc7 Rc3 32. c5 Kf8 33. Rc8+ Ke7 34. Rc6 g5 35. Rxh6 Rxc5 36. h4 g4 37. Rg6 Kf7 38. Rg5 Kf6 39. Rg8 1/2-1/2

[Event "Guben op 11th"]
[Site "Guben"]
[Date "2008.01.02"]
[Round "1"]
[White "Fries Nielsen, Jens Ove"]
[Black "Nun, Ryszard"]
[Result "1-0"]
[WhiteElo "2393"]
[BlackElo "1800"]
[PlyCount "73"]
[EventDate "2008.01.02"]
[EventType "swiss"]
[EventRounds "9"]
[EventCountry "GER"]
[SourceTitle "CBM 122 Extra"]
[Source "ChessBase"]
[SourceDate "2008.03.04"]
[SourceVersion "1"]
[SourceVersionDate "2008.03.04"]
[SourceQuality "1"]

1. d4 Nf6 2. Bg5 Ne4 3. Bf4 d6 4. f3 Nf6 5. e4 g6 6. Nc3 c6 7. Qd2 h5 8. 0-0-0 Bg7 9. Kb1 b6 10. Qe1 e6 11. Qh4 Bh6 12. Bxh6 Rxh6 13. Nh3 Ng8 14. Qf4 Qe7 15. Nf2 Nd7 16. Qd2 Bb7 17. d5 exd5 18. exd5 0-0-0 19. dxc6 Bxc6 20. Ba6+ Kc7 21. Rhe1 Qf8 22. Bb5 Ngf6 23. Nd3 Nc5 24. Bxc6 Kxc6 25. Nb4+ Kb7 26. Ncd5 Nfd7 27. Ne7 Ne5 28. Rxe5 dxe5 29. Qxd8 Qxd8 30. Rxd8 g5 31. Nbd5 e4 32. b4 exf3 33. gxf3 Ne6 34. Rd7+ Ka6 35. a4 g4 36. b5+ Ka5 37. Rxa7# 1-0